[Event "DSJ Weihnachtsturnier U20 2020"]
[Site "https://play.chessbase.com/en/play?room=DSJWeihnachtU20"]
[Date "2020.12.29"]
[Round "2"]
[White "Schöneberg, Kevin"]
[Black "Peilert, Maximilian"]
[Result "1/2-1/2"]
[Termination "normal"]
[Board "15.4"]
[WhiteElo "946"]
[BlackElo "1068"]
[WhiteTeam "SC Borussia Lichtenberg"]
[BlackTeam "Think Rochade - SC HRO"]
[PlyCount "125"]
[BlackFideId "34686312"]
[EventRounds "7"]
[EventType "team-swiss"]
[EventDate "2020.12.29"]

1. d4 {[%emt 0:00:02]} d5 {[%emt 0:00:26]} 2. Bf4 {[%emt 0:00:04]} Bf5 { [%emt
0:00:06]} 3. e3 {[%emt 0:00:05]} Nf6 {[%emt 0:00:03]} 4. Nf3 {[%emt 0:00:05]}
e6 {[%emt 0:00:05]} 5. Bd3 {[%emt 0:00:02]} Ne4 {[%emt 0:00:10]} 6. Nfd2 {
[%emt 0:00:18]} Bd6 {[%emt 0:00:41]} 7. Bxd6 {[%emt 0:00:13]} Nxd6 {[%emt
0:00:05]} 8. Bxf5 {[%emt 0:00:08]} Nxf5 {[%emt 0:00:04]} 9. Qg4 {[%emt
0:00:02]} Qd6 {[%emt 0:00:08]} 10. O-O {[%emt 0:00:14]} Nd7 {[%emt 0:00:05]}
11. c4 {[%emt 0:00:06]} Nf6 {[%emt 0:00:04]} 12. Qe2 {[%emt 0:00:06]} c5 {[%emt
0:00:20]} 13. dxc5 {[%emt 0:00:40]} Qxc5 {[%emt 0:00:12]} 14. cxd5 {[%emt
0:00:09]} Nxd5 { [%emt 0:00:33]} 15. Nb3 {[%emt 0:00:41]} Qd6 {[%emt 0:00:12]}
16. Qb5+ { [%emt 0:00:26]} Qc6 {[%emt 0:00:09]} 17. Qxc6+ {[%emt 0:00:06]} bxc6
{[%emt 0:00:02]} 18. e4 {[%emt 0:00:01]} Nb4 {[%emt 0:00:10]} 19. exf5 {[%emt
0:00:09]} Nc2 {[%emt 0:00:03]} 20. N1d2 {[%emt 0:00:02]} Nxa1 {[%emt 0:00:04]}
21. Rxa1 { [%emt 0:00:01]} exf5 {[%emt 0:00:05]} 22. Nf3 {[%emt 0:00:23]} O-O
{[%emt 0:00:06]} 23. Nbd4 {[%emt 0:00:03]} g6 {[%emt 0:00:20]} 24. Nxc6 {[%emt
0:00:06]} Rfc8 {[%emt 0:00:04]} 25. Ne7+ {[%emt 0:00:04]} Kg7 {[%emt 0:00:07]}
26. Nxc8 { [%emt 0:00:00]} Rxc8 {[%emt 0:00:02]} 27. h3 {[%emt 0:00:02]} Rc2
{[%emt 0:00:04]} 28. b4 {[%emt 0:00:06]} a6 {[%emt 0:00:31]} 29. a4 {[%emt
0:00:07]} Rb2 { [%emt 0:00:12]} 30. b5 {[%emt 0:00:43]} axb5 {[%emt 0:00:12]}
31. axb5 { [%emt 0:00:00]} Rxb5 {[%emt 0:00:02]} 32. Ra7 {[%emt 0:00:02]} Rd5
{[%emt 0:00:10]} 33. Ng5 {[%emt 0:00:07]} Rd1+ {[%emt 0:00:24]} 34. Kh2 {[%emt
0:00:02]} Kf6 {[%emt 0:00:04]} 35. Nxh7+ {[%emt 0:00:05]} Ke5 {[%emt 0:00:24]}
36. g3 { [%emt 0:00:45]} Rd2 {[%emt 0:00:08]} 37. Re7+ {[%emt 0:00:03]} Kd6
{[%emt 0:00:05]} 38. Rxf7 {[%emt 0:00:04]} Rxf2+ {[%emt 0:00:04]} 39. Kg1
{[%emt 0:00:01]} Rf3 {[%emt 0:00:04]} 40. Kg2 {[%emt 0:00:02]} Rd3 {[%emt
0:00:08]} 41. Rf6+ { [%emt 0:00:02]} Ke5 {[%emt 0:00:03]} 42. Rxg6 {[%emt
0:00:02]} Rd2+ {[%emt 0:00:06]} 43. Kf3 {[%emt 0:00:09]} Rc2 {[%emt 0:00:00]}
44. g4 {[%emt 0:00:08]} Rc3+ {[%emt 0:00:04]} 45. Kg2 {[%emt 0:00:02]} Rc2+
{[%emt 0:00:03]} 46. Kg3 { [%emt 0:00:01]} Rc3+ {[%emt 0:00:01]} 47. Kh4 {[%emt
0:00:01]} Rc4 {[%emt 0:00:11]} 48. Kh5 {[%emt 0:00:03]} Rc3 {[%emt 0:00:05]}
49. h4 {[%emt 0:00:01]} Rc1 {[%emt 0:00:12]} 50. Rg5 {[%emt 0:00:06]} Kf4
{[%emt 0:00:10]} 51. Rxf5+ { [%emt 0:00:04]} Kg3 {[%emt 0:00:02]} 52. Nf6
{[%emt 0:00:15]} Rh1 {[%emt 0:00:06]} 53. Kg6 {[%emt 0:00:05]} Rxh4 {[%emt
0:00:07]} 54. g5 {[%emt 0:00:02]} Rh8 {[%emt 0:00:17]} 55. Kg7 {[%emt 0:00:04]}
Rb8 {[%emt 0:00:12]} 56. Nh7 { [%emt 0:00:05]} Kg4 {[%emt 0:00:04]} 57. g6
{[%emt 0:00:02]} Kxf5 {[%emt 0:00:05]} 58. Kh6 {[%emt 0:00:02]} Rb7 {[%emt
0:00:18] Lichten1-004 offers a draw} 59. Kh5 {[%emt 0:00:51]} Ke6 {[%emt
0:00:19]} 60. Ng5+ {[%emt 0:00:11]} Kf6 { [%emt 0:00:12]} 61. Kh6 {[%emt
0:00:26]} Kf5 {[%emt 0:00:20]} 62. g7 {[%emt 0:00:21]} Rxg7 {[%emt 0:00:11]}
63. Kxg7 {[%emt 0:00:02]} 1/2-1/2

[Event "DSJ Weihnachtsturnier U20 2020"]
[Site "https://play.chessbase.com/en/play?room=DSJWeihnachtU20"]
[Date "2020.12.29"]
[Round "2"]
[White "Petrow, Jonas"]
[Black "Poggemann, Alexander"]
[Result "1-0"]
[Termination "normal"]
[Board "16.1"]
[WhiteElo "1811"]
[BlackElo "1813"]
[WhiteTeam "TuS Makkabi Rostock"]
[BlackTeam "Schachverein Hemer 1932 2"]
[PlyCount "49"]
[WhiteFideId "12991805"]
[BlackFideId "16224167"]
[EventRounds "7"]
[EventType "team-swiss"]
[EventDate "2020.12.29"]

1. d4 {[%emt 0:00:03]} Nf6 {[%emt 0:00:03]} 2. Bg5 {[%emt 0:00:05]} Ne4 { [%emt
0:00:03]} 3. h4 {[%emt 0:00:01]} g6 {[%emt 0:00:19]} 4. e3 {[%emt 0:00:20]} Bg7
{[%emt 0:00:04]} 5. Bd3 {[%emt 0:00:10]} Nxg5 {[%emt 0:00:07]} 6. hxg5 {[%emt
0:00:00]} c5 {[%emt 0:00:06]} 7. c3 {[%emt 0:00:13]} d5 {[%emt 0:00:11]} 8. Nd2
{[%emt 0:00:06]} Nc6 {[%emt 0:00:03]} 9. Rc1 {[%emt 0:00:33]} Bd7 { [%emt
0:00:04]} 10. dxc5 {[%emt 0:00:14]} Qa5 {[%emt 0:00:05]} 11. a3 {[%emt
0:02:07]} Qxc5 {[%emt 0:00:09]} 12. b4 {[%emt 0:00:02]} Qb6 {[%emt 0:00:20]}
13. c4 {[%emt 0:00:03]} Ne5 {[%emt 0:00:22]} 14. Be2 {[%emt 0:00:22]} dxc4 {
[%emt 0:00:39]} 15. Nxc4 {[%emt 0:00:17]} Qe6 {[%emt 0:00:07]} 16. Nf3 { [%emt
0:00:09]} Nxf3+ {[%emt 0:00:15]} 17. Bxf3 {[%emt 0:00:02]} Rd8 {[%emt 0:00:18]}
18. Bxb7 {[%emt 0:00:32]} Bb5 {[%emt 0:01:14]} 19. Qc2 {[%emt 0:00:12]} O-O
{[%emt 0:00:45]} 20. a4 {[%emt 0:00:26]} Bxc4 {[%emt 0:00:27]} 21. Qxc4 { [%emt
0:00:02]} Qd7 {[%emt 0:00:02]} 22. Bf3 {[%emt 0:00:43]} Qxa4 {[%emt 0:00:18]}
23. Qh4 {[%emt 0:01:00]} h5 {[%emt 0:00:57]} 24. Kf1 {[%emt 0:01:12]} Qxb4
{[%emt 0:00:14]} 25. Qxb4 {[%emt 0:00:05] Hemer2-001 gibt auf} 1-0

[Event "DSJ Weihnachtsturnier U20 2020"]
[Site "https://play.chessbase.com/en/play?room=DSJWeihnachtU20"]
[Date "2020.12.29"]
[Round "2"]
[White "Mai, Artur"]
[Black "Tovmasyan, Minas"]
[Result "1-0"]
[Termination "normal"]
[Board "16.2"]
[WhiteElo "1737"]
[BlackElo "1771"]
[WhiteTeam "Schachverein Hemer 1932 2"]
[BlackTeam "TuS Makkabi Rostock"]
[PlyCount "135"]
[WhiteFideId "16206851"]
[BlackFideId "16247620"]
[EventRounds "7"]
[EventType "team-swiss"]
[EventDate "2020.12.29"]

1. e4 {[%emt 0:00:03]} c5 {[%emt 0:00:02]} 2. Nc3 {[%emt 0:00:01]} e6 {[%emt
0:00:02]} 3. f4 {[%emt 0:00:01]} d5 {[%emt 0:00:01]} 4. Nf3 {[%emt 0:00:01]}
Nc6 {[%emt 0:00:04]} 5. Bb5 {[%emt 0:00:02]} Bd7 {[%emt 0:00:01]} 6. O-O {[%emt
0:00:14]} a6 {[%emt 0:00:11]} 7. Bxc6 {[%emt 0:00:23]} Bxc6 {[%emt 0:00:00]} 8.
exd5 {[%emt 0:00:11]} exd5 {[%emt 0:00:49]} 9. d4 {[%emt 0:00:07]} Nf6 { [%emt
0:00:23]} 10. Re1+ {[%emt 0:00:33]} Be7 {[%emt 0:01:23]} 11. dxc5 { [%emt
0:00:26]} O-O {[%emt 0:00:11]} 12. Be3 {[%emt 0:00:21]} Qa5 {[%emt 0:01:42]}
13. Qd3 {[%emt 0:02:08]} Bxc5 {[%emt 0:00:59]} 14. Bxc5 {[%emt 0:00:57]} Qxc5+
{[%emt 0:00:00]} 15. Nd4 {[%emt 0:00:08]} Ne4 {[%emt 0:00:57]} 16. Nxe4 { [%emt
0:01:37]} dxe4 {[%emt 0:00:02]} 17. Qc3 {[%emt 0:00:45]} Qxc3 {[%emt 0:01:37]}
18. bxc3 {[%emt 0:00:00]} Bd5 {[%emt 0:00:34]} 19. Nf5 {[%emt 0:00:47]} Rfe8
{[%emt 0:00:21]} 20. Rad1 {[%emt 0:00:15]} Bxa2 {[%emt 0:00:12]} 21. Rd7 {
[%emt 0:00:06]} Be6 {[%emt 0:00:14]} 22. Ne7+ {[%emt 0:00:05]} Kf8 {[%emt
0:00:03]} 23. Rxb7 {[%emt 0:00:10]} Rxe7 {[%emt 0:00:03]} 24. Rxe7 {[%emt
0:00:01]} Kxe7 {[%emt 0:00:00]} 25. Rxe4 {[%emt 0:00:00]} Rc8 {[%emt 0:00:06]}
26. f5 { [%emt 0:00:01]} Rxc3 {[%emt 0:00:07]} 27. fxe6 {[%emt 0:00:01]} fxe6
{[%emt 0:00:00]} 28. Ra4 {[%emt 0:00:13]} Rc6 {[%emt 0:00:06]} 29. c3 {[%emt
0:00:09]} e5 {[%emt 0:00:06]} 30. Kf2 {[%emt 0:00:01]} Ke6 {[%emt 0:00:01]} 31.
Ra5 { [%emt 0:00:02]} Kf5 {[%emt 0:00:27]} 32. Ra4 {[%emt 0:00:13]} g5 {[%emt
0:00:10]} 33. g4+ {[%emt 0:00:33]} Ke6 {[%emt 0:00:01]} 34. Ra5 {[%emt
0:00:06]} h6 {[%emt 0:00:06]} 35. Ke2 {[%emt 0:00:06]} Kf6 {[%emt 0:00:03]} 36.
Kd3 { [%emt 0:00:03]} Ke6 {[%emt 0:00:03]} 37. c4 {[%emt 0:00:08]} Kf6 {[%emt
0:00:04]} 38. Ke3 {[%emt 0:00:09]} Ke6 {[%emt 0:00:01]} 39. Kd3 {[%emt
0:00:01]} Kf6 {[%emt 0:00:01]} 40. Ke3 {[%emt 0:00:01]} Re6 {[%emt 0:00:01]}
41. Ke4 { [%emt 0:00:02]} Kg6 {[%emt 0:00:02]} 42. Kd5 {[%emt 0:00:01]} Kf6
{[%emt 0:00:01]} 43. c5 {[%emt 0:00:02]} e4 {[%emt 0:00:01]} 44. c6 {[%emt
0:00:03]} Re5+ { [%emt 0:00:01]} 45. Kd6 {[%emt 0:00:02]} Rxa5 {[%emt 0:00:08]}
46. c7 {[%emt 0:00:01]} e3 {[%emt 0:00:04]} 47. c8=Q {[%emt 0:00:01]} e2 {[%emt
0:00:01]} 48. Qf8+ {[%emt 0:00:03]} Kg6 {[%emt 0:00:02]} 49. Qe8+ {[%emt
0:00:06]} Kg7 { [%emt 0:00:03]} 50. Qxe2 {[%emt 0:00:00]} Ra4 {[%emt 0:00:01]}
51. Qb2+ { [%emt 0:00:02]} Kf8 {[%emt 0:00:03]} 52. Qf2+ {[%emt 0:00:02]} Kg7
{[%emt 0:00:02]} 53. Qb2+ {[%emt 0:00:03]} Kf8 {[%emt 0:00:01]} 54. Qb8+ {[%emt
0:00:00]} Kg7 {[%emt 0:00:01]} 55. Ke5 {[%emt 0:00:02]} Ra5+ {[%emt 0:00:02]}
56. Ke6 { [%emt 0:00:02]} Ra4 {[%emt 0:00:04]} 57. Qc7+ {[%emt 0:00:01]} Kg8
{[%emt 0:00:02]} 58. Qc8+ {[%emt 0:00:02]} Kg7 {[%emt 0:00:01]} 59. Qd7+ {[%emt
0:00:01]} Kg8 {[%emt 0:00:01]} 60. Qf7+ {[%emt 0:00:01]} Kh8 {[%emt 0:00:01]}
61. Qf6+ { [%emt 0:00:01]} Kg8 {[%emt 0:00:01]} 62. Qxh6 {[%emt 0:00:03]} Re4+
{[%emt 0:00:02]} 63. Kf5 {[%emt 0:00:02]} Rf4+ {[%emt 0:00:01]} 64. Kxg5 {[%emt
0:00:01] } Ra4 {[%emt 0:00:02]} 65. Qe6+ {[%emt 0:00:02]} Kf8 {[%emt 0:00:03]}
66. Kg6 { [%emt 0:00:01]} Rf4 {[%emt 0:00:05]} 67. Qd6+ {[%emt 0:00:01]} Ke8
{[%emt 0:00:02]} 68. Qxf4 {[%emt 0:00:00]} 1-0

[Event "DSJ Weihnachtsturnier U20 2020"]
[Site "https://play.chessbase.com/en/play?room=DSJWeihnachtU20"]
[Date "2020.12.29"]
[Round "2"]
[White "Elsken Sicard, Fabian"]
[Black "Jagodzinsky, Lukas"]
[Result "1-0"]
[Termination "time forfeit"]
[Board "16.3"]
[WhiteElo "1469"]
[BlackElo "1216"]
[WhiteTeam "TuS Makkabi Rostock"]
[BlackTeam "Schachverein Hemer 1932 2"]
[PlyCount "71"]
[WhiteFideId "16247612"]
[BlackFideId "16233255"]
[EventRounds "7"]
[EventType "team-swiss"]
[EventDate "2020.12.29"]

1. d4 {[%emt 0:00:04]} d5 {[%emt 0:00:03]} 2. c4 {[%emt 0:00:01]} e6 {[%emt
0:00:11]} 3. Nc3 {[%emt 0:00:01]} Nf6 {[%emt 0:00:04]} 4. Nf3 {[%emt 0:00:02]}
c5 {[%emt 0:00:24]} 5. dxc5 {[%emt 0:00:55]} Bxc5 {[%emt 0:00:09]} 6. Bg5 {
[%emt 0:00:06]} O-O {[%emt 0:00:32]} 7. e3 {[%emt 0:02:08]} Nc6 {[%emt 0:00:31]
} 8. a3 {[%emt 0:00:03]} b6 {[%emt 0:00:28]} 9. cxd5 {[%emt 0:00:19]} exd5 {
[%emt 0:00:09]} 10. Bb5 {[%emt 0:00:20]} Na5 {[%emt 0:00:36]} 11. b4 {[%emt
0:00:20]} d4 {[%emt 0:00:53]} 12. exd4 {[%emt 0:00:16]} Re8+ {[%emt 0:01:02]}
13. Bxe8 {[%emt 0:00:09]} Qxe8+ {[%emt 0:00:04]} 14. Ne2 {[%emt 0:00:14]} Ba6 {
[%emt 0:00:45]} 15. bxa5 {[%emt 0:00:14]} Bd6 {[%emt 0:00:17]} 16. Bxf6 { [%emt
0:00:53]} gxf6 {[%emt 0:00:13]} 17. Ra2 {[%emt 0:00:18]} Bc4 {[%emt 0:00:21]}
18. Rc2 {[%emt 0:00:04]} Bb3 {[%emt 0:00:09]} 19. Qd2 {[%emt 0:00:45]} Bxc2
{[%emt 0:00:20]} 20. Qxc2 {[%emt 0:00:01]} Bxa3 {[%emt 0:00:15]} 21. O-O {
[%emt 0:00:06]} bxa5 {[%emt 0:00:26]} 22. Nf4 {[%emt 0:00:04]} Rc8 {[%emt
0:00:22]} 23. Qf5 {[%emt 0:00:12]} Qc6 {[%emt 0:01:02]} 24. Qxa5 {[%emt
0:00:15]} Bd6 {[%emt 0:00:32]} 25. Nh5 {[%emt 0:00:38]} Kf8 {[%emt 0:00:46]}
26. Qxa7 { [%emt 0:00:11]} Ra8 {[%emt 0:00:09]} 27. d5 {[%emt 0:00:21]} Rxa7
{[%emt 0:00:03]} 28. dxc6 {[%emt 0:00:02]} Ra6 {[%emt 0:00:04]} 29. Nxf6 {[%emt
0:00:04]} Rxc6 {[%emt 0:00:02]} 30. Ne4 {[%emt 0:00:01]} Bb4 {[%emt 0:00:03]}
31. g3 { [%emt 0:00:02]} Ra6 {[%emt 0:00:02]} 32. Kg2 {[%emt 0:00:03]} Ke7
{[%emt 0:00:01]} 33. Rb1 {[%emt 0:00:04]} Bd6 {[%emt 0:00:05]} 34. Nxd6 {[%emt
0:00:03]} Kxd6 {[%emt 0:00:02]} 35. Rd1+ {[%emt 0:00:02]} Kc7 {[%emt 0:00:04]}
36. Ng5 { [%emt 0:00:02] TimeB} 1-0

[Event "DSJ Weihnachtsturnier U20 2020"]
[Site "https://play.chessbase.com/en/play?room=DSJWeihnachtU20"]
[Date "2020.12.29"]
[Round "2"]
[White "Scheuer, Adrian"]
[Black "Sinnhöfer, Jonas"]
[Result "1-0"]
[Termination "normal"]
[Board "17.1"]
[WhiteElo "1600"]
[BlackElo "1919"]
[WhiteTeam "SC 1948 Ersingen"]
[BlackTeam "Delmenhorster SK V 1931"]
[PlyCount "68"]
[WhiteFideId "34673741"]
[BlackFideId "12982938"]
[EventRounds "7"]
[EventType "team-swiss"]
[EventDate "2020.12.29"]

1. c4 {[%emt 0:00:04] Delmen1-001 kibitzing!? Delmen1-001 reconnected.} Nf6 {
[%emt 0:00:19]} 2. Nf3 {[%emt 0:00:02]} g6 {[%emt 0:00:01]} 3. e3 {[%emt
0:00:01]} Bg7 {[%emt 0:00:02]} 4. d4 {[%emt 0:00:01]} c5 {[%emt 0:00:08]} 5.
Nc3 { [%emt 0:00:06]} O-O {[%emt 0:00:02]} 6. Bd3 {[%emt 0:00:21]} Nc6 {[%emt
0:00:02]} 7. Qc2 {[%emt 0:00:26]} Nb4 {[%emt 0:00:04]} 8. Qd1 {[%emt 0:00:03]}
Nxd3+ {[%emt 0:00:02]} 9. Qxd3 {[%emt 0:00:00]} d6 {[%emt 0:00:01]} 10. Bd2
{[%emt 0:00:08]} cxd4 {[%emt 0:00:07]} 11. exd4 {[%emt 0:00:03]} Bf5 {[%emt
0:00:04]} 12. Qe2 {[%emt 0:00:09]} Qb6 {[%emt 0:00:17]} 13. O-O {[%emt
0:01:08]} Rfe8 { [%emt 0:00:11]} 14. Nh4 {[%emt 0:00:03]} Bd7 {[%emt 0:00:06]}
15. Be3 {[%emt 0:00:05]} Bg4 {[%emt 0:00:11]} 16. Qd2 {[%emt 0:00:16]} Bd7
{[%emt 0:00:17]} 17. h3 {[%emt 0:00:27] Delmen1-001 reconnected.} Rac8 {[%emt
0:00:18]} 18. b3 { [%emt 0:01:05]} Qa5 {[%emt 0:00:31]} 19. Rfc1 {[%emt
0:00:21]} d5 {[%emt 0:00:10]} 20. Nxd5 {[%emt 0:00:09]} Qxd2 {[%emt 0:00:02]}
21. Nxf6+ {[%emt 0:00:02]} Bxf6 {[%emt 0:00:01]} 22. Bxd2 {[%emt 0:00:06]} Bxh4
{[%emt 0:00:02]} 23. Re1 { [%emt 0:00:17]} Bf6 {[%emt 0:00:03]} 24. Bc3 {[%emt
0:00:12]} Rcd8 {[%emt 0:00:03]} 25. Rad1 {[%emt 0:00:17]} Bc6 {[%emt 0:00:11]}
26. Rd2 {[%emt 0:00:37]} b6 {[%emt 0:00:03]} 27. Red1 {[%emt 0:00:04]} Bb7
{[%emt 0:00:03]} 28. Bb4 { [%emt 0:00:05]} Rd7 {[%emt 0:00:06]} 29. d5 {[%emt
0:00:03]} Red8 {[%emt 0:00:02]} 30. Re2 {[%emt 0:00:28]} e6 {[%emt 0:00:08]}
31. Rde1 {[%emt 0:00:15]} exd5 {[%emt 0:00:03]} 32. Re8+ {[%emt 0:00:03]} Kg7
{[%emt 0:00:25]} 33. Bf8+ { [%emt 0:00:03]} Kg8 {[%emt 0:00:04]} 34. Bh6+
{[%emt 0:00:04]} Rxe8 {[%emt 0:00:01]} 1-0

[Event "DSJ Weihnachtsturnier U20 2020"]
[Site "https://play.chessbase.com/en/play?room=DSJWeihnachtU20"]
[Date "2020.12.29"]
[Round "2"]
[White "Sinnhöfer, Joshua"]
[Black "Förster, Fabio"]
[Result "1/2-1/2"]
[Termination "normal"]
[Board "17.2"]
[WhiteElo "1712"]
[BlackElo "1602"]
[WhiteTeam "Delmenhorster SK V 1931"]
[BlackTeam "SC 1948 Ersingen"]
[PlyCount "89"]
[WhiteFideId "16201361"]
[BlackFideId "16297571"]
[EventRounds "7"]
[EventType "team-swiss"]
[EventDate "2020.12.29"]

1. e4 {[%emt 0:00:00] Restarted W (13.22) OK Ersingen002 reconnected. Restarted
W (13.22) Restarted B (13.22) OK OK} c5 {[%emt 0:00:03]} 2. Nf3 { [%emt
0:00:07]} g6 {[%emt 0:00:05]} 3. d4 {[%emt 0:00:02]} cxd4 {[%emt 0:00:00] } 4.
Nxd4 {[%emt 0:00:00]} Nc6 {[%emt 0:00:02]} 5. Be3 {[%emt 0:00:02]} Bg7 { [%emt
0:00:01]} 6. c4 {[%emt 0:00:04]} Nf6 {[%emt 0:00:15]} 7. Nc3 {[%emt 0:00:04]}
O-O {[%emt 0:00:06]} 8. Be2 {[%emt 0:00:05]} d6 {[%emt 0:00:04]} 9. O-O { [%emt
0:00:04]} a6 {[%emt 0:00:03]} 10. Rc1 {[%emt 0:00:07]} Bd7 {[%emt 0:00:03]} 11.
f3 {[%emt 0:00:05]} Nxd4 {[%emt 0:00:03]} 12. Bxd4 {[%emt 0:00:03]} Bc6 {[%emt
0:00:01]} 13. Nd5 {[%emt 0:00:08]} Bxd5 {[%emt 0:00:52]} 14. cxd5 { [%emt
0:00:00]} Rc8 {[%emt 0:00:06]} 15. Rxc8 {[%emt 0:00:12]} Qxc8 {[%emt 0:00:00]}
16. Bf2 {[%emt 0:00:08]} Nd7 {[%emt 0:00:36]} 17. b3 {[%emt 0:00:04]} a5 {[%emt
0:00:43]} 18. Qc1 {[%emt 0:00:04]} b6 {[%emt 0:00:18]} 19. Bb5 { [%emt
0:00:08]} Nc5 {[%emt 0:00:09]} 20. Bxc5 {[%emt 0:00:04]} Qxc5+ {[%emt 0:00:15]}
21. Qxc5 {[%emt 0:00:02]} bxc5 {[%emt 0:00:00]} 22. Rc1 {[%emt 0:00:13] } Rb8
{[%emt 0:00:17]} 23. Bc6 {[%emt 0:00:03]} Rb4 {[%emt 0:00:23]} 24. Rc4 { [%emt
0:00:08]} Kf8 {[%emt 0:00:59]} 25. Kf1 {[%emt 0:00:27]} e6 {[%emt 0:00:17]} 26.
Ke2 {[%emt 0:00:05]} Ke7 {[%emt 0:00:08]} 27. Kd3 {[%emt 0:00:02]} h5 {[%emt
0:00:27]} 28. Rxb4 {[%emt 0:00:05]} axb4 {[%emt 0:00:00]} 29. dxe6 { [%emt
0:00:12]} fxe6 {[%emt 0:00:16]} 30. Ke3 {[%emt 0:00:16]} g5 {[%emt 0:00:23]}
31. h4 {[%emt 0:00:16]} Bd4+ {[%emt 0:00:54]} 32. Kd2 {[%emt 0:00:16]} Kf6
{[%emt 0:00:06]} 33. Be8 {[%emt 0:00:09]} gxh4 {[%emt 0:00:19]} 34. Bxh5 {
[%emt 0:00:16]} d5 {[%emt 0:00:13]} 35. Kd3 {[%emt 0:00:07]} Ke5 {[%emt
0:00:15]} 36. exd5 {[%emt 0:00:14]} exd5 {[%emt 0:00:00]} 37. Bf7 {[%emt
0:00:13]} Bf2 {[%emt 0:00:18]} 38. Bg8 {[%emt 0:00:12]} Bg3 {[%emt 0:00:44]}
39. Bf7 { [%emt 0:00:19] Delmen1-002 offers a draw} Bf4 {[%emt 0:00:29]} 40.
Bg8 { [%emt 0:00:05]} Bg5 {[%emt 0:00:02]} 41. Bf7 {[%emt 0:00:02]} Be7 {[%emt
0:00:01]} 42. Bg8 {[%emt 0:00:04]} d4 {[%emt 0:00:03]} 43. Bf7 {[%emt 0:00:10]}
Kf4 {[%emt 0:00:02]} 44. Be6 {[%emt 0:00:04]} Kg3 {[%emt 0:00:02]} 45. Bh3 {
[%emt 0:00:02] Ersingen002 offers a draw} 1/2-1/2

[Event "DSJ Weihnachtsturnier U20 2020"]
[Site "https://play.chessbase.com/en/play?room=DSJWeihnachtU20"]
[Date "2020.12.29"]
[Round "2"]
[White "Ruf, David"]
[Black "Wander, Dennis"]
[Result "0-1"]
[Termination "normal"]
[Board "17.3"]
[WhiteElo "1581"]
[BlackElo "1595"]
[WhiteTeam "SC 1948 Ersingen"]
[BlackTeam "Delmenhorster SK V 1931"]
[PlyCount "88"]
[WhiteFideId "16297636"]
[BlackFideId "16276523"]
[EventRounds "7"]
[EventType "team-swiss"]
[EventDate "2020.12.29"]

1. d4 {[%emt 0:00:04]} d5 {[%emt 0:00:03]} 2. c4 {[%emt 0:00:06]} e6 {[%emt
0:00:05]} 3. Nc3 {[%emt 0:00:03]} Nf6 {[%emt 0:00:02]} 4. Nf3 {[%emt 0:00:04]}
Be7 {[%emt 0:00:03]} 5. e3 {[%emt 0:00:03]} O-O {[%emt 0:00:02]} 6. Bd3 { [%emt
0:00:05]} dxc4 {[%emt 0:00:05]} 7. Bxc4 {[%emt 0:00:03]} c5 {[%emt 0:00:06]} 8.
O-O {[%emt 0:00:07]} Nc6 {[%emt 0:00:04]} 9. dxc5 {[%emt 0:00:12]} Bxc5 {[%emt
0:00:07]} 10. Qc2 {[%emt 0:00:09]} e5 {[%emt 0:00:05]} 11. Rd1 {[%emt 0:00:07]}
Qe7 {[%emt 0:00:02]} 12. b3 {[%emt 0:00:09]} Bg4 {[%emt 0:00:17]} 13. Be2
{[%emt 0:00:09]} e4 {[%emt 0:00:08]} 14. Ne1 {[%emt 0:00:08]} Bxe2 { [%emt
0:00:07]} 15. Qxe2 {[%emt 0:00:04]} Bb4 {[%emt 0:00:04]} 16. Bb2 { [%emt
0:00:04]} Rad8 {[%emt 0:00:04]} 17. Nc2 {[%emt 0:00:12]} Bxc3 {[%emt 0:00:19]}
18. Bxc3 {[%emt 0:00:02]} Nd5 {[%emt 0:00:03]} 19. Bb2 {[%emt 0:00:05]} Rfe8
{[%emt 0:00:09]} 20. Qg4 {[%emt 0:00:32]} Nf6 {[%emt 0:00:39]} 21. Bxf6 { [%emt
0:00:20]} Qxf6 {[%emt 0:00:07]} 22. Rac1 {[%emt 0:00:11]} Qb2 {[%emt 0:00:34]}
23. Qe2 {[%emt 0:02:34]} Rxd1+ {[%emt 0:00:35]} 24. Qxd1 {[%emt 0:00:07]} Rd8
{[%emt 0:00:04]} 25. Qe1 {[%emt 0:00:17]} h6 {[%emt 0:00:54]} 26. f4 { [%emt
0:01:46]} exf3 {[%emt 0:00:12]} 27. gxf3 {[%emt 0:00:06]} Ne5 {[%emt 0:00:17]}
28. Qf1 {[%emt 0:02:10]} Nxf3+ {[%emt 0:00:22]} 29. Kh1 {[%emt 0:00:36] } Rd2
{[%emt 0:00:16]} 30. Rd1 {[%emt 0:00:22]} Qxc2 {[%emt 0:00:12]} 31. Rxd2 {[%emt
0:00:03]} Nxd2 {[%emt 0:00:01]} 32. Qe2 {[%emt 0:00:04]} Qc1+ {[%emt 0:00:11]}
33. Kg2 {[%emt 0:00:01]} Qc6+ {[%emt 0:00:05]} 34. Kf2 {[%emt 0:00:02]} Qf6+
{[%emt 0:00:03]} 35. Ke1 {[%emt 0:00:01]} Ne4 {[%emt 0:00:05]} 36. Qd3 { [%emt
0:00:01]} Qa1+ {[%emt 0:00:09]} 37. Ke2 {[%emt 0:00:03]} Qb2+ {[%emt 0:00:02]}
38. Kf3 {[%emt 0:00:02]} Nd2+ {[%emt 0:00:10]} 39. Ke2 {[%emt 0:00:03]} Nc4+
{[%emt 0:00:04]} 40. Qd2 {[%emt 0:00:03]} Qxd2+ {[%emt 0:00:02]} 41. Kf3 {
[%emt 0:00:02]} Qxe3+ {[%emt 0:00:01]} 42. Kg4 {[%emt 0:00:02]} Ne5+ {[%emt
0:00:02]} 43. Kh4 {[%emt 0:00:03]} g5+ {[%emt 0:00:05]} 44. Kh5 {[%emt
0:00:01]} Qh3# {[%emt 0:00:02]} 0-1

[Event "DSJ Weihnachtsturnier U20 2020"]
[Site "https://play.chessbase.com/en/play?room=DSJWeihnachtU20"]
[Date "2020.12.29"]
[Round "2"]
[White "Alhamid, Mohamad"]
[Black "Anderson, Kim"]
[Result "1-0"]
[Termination "normal"]
[Board "17.4"]
[WhiteElo "1664"]
[BlackElo "1122"]
[WhiteTeam "Delmenhorster SK V 1931"]
[BlackTeam "SC 1948 Ersingen"]
[PlyCount "45"]
[WhiteFideId "16235665"]
[EventRounds "7"]
[EventType "team-swiss"]
[EventDate "2020.12.29"]

1. e4 {[%emt 0:00:21] Ersingen004 kibitzing!? Ersingen004 reconnected.} e5
{[%emt 0:00:30]} 2. Bc4 {[%emt 0:00:01]} Nf6 { [%emt 0:00:06]} 3. Nf3 {[%emt
0:00:02]} Nc6 {[%emt 0:00:11]} 4. O-O {[%emt 0:00:05]} Bc5 {[%emt 0:00:03]} 5.
c3 {[%emt 0:00:02]} O-O {[%emt 0:00:10]} 6. d4 {[%emt 0:00:02]} Bb6 {[%emt
0:00:30]} 7. dxe5 {[%emt 0:00:05]} Nxe4 {[%emt 0:00:17]} 8. Qd5 {[%emt
0:00:15]} Ng5 {[%emt 0:00:26]} 9. Nxg5 {[%emt 0:00:10]} Qxg5 {[%emt 0:00:02]}
10. Bxg5 {[%emt 0:00:01]} h6 {[%emt 0:01:11]} 11. Bf6 { [%emt 0:00:15]} d6
{[%emt 0:01:26]} 12. Qf3 {[%emt 0:00:16] Delmen1-004 reconnected.} Nxe5 {[%emt
0:01:40]} 13. Qg3 {[%emt 0:00:05]} Ng4 {[%emt 0:00:42]} 14. Bxg7 {[%emt
0:00:11]} Kxg7 {[%emt 0:00:07]} 15. h3 {[%emt 0:00:17] Delmen1-004
reconnected.} Kh8 {[%emt 0:00:39]} 16. hxg4 {[%emt 0:00:11]} Rg8 { [%emt
0:00:06]} 17. Qh4 {[%emt 0:00:09]} Kh7 {[%emt 0:00:38]} 18. Qf6 {[%emt
0:00:09]} Bxg4 {[%emt 0:00:25]} 19. Qxf7+ {[%emt 0:00:06]} Rg7 {[%emt 0:00:14]}
20. Bd3+ {[%emt 0:00:18]} Kh8 {[%emt 0:00:09]} 21. Qf6 {[%emt 0:00:06]} Rag8 {
[%emt 0:00:21]} 22. Qxh6+ {[%emt 0:00:07]} Rh7 {[%emt 0:00:09]} 23. Qxh7# {
[%emt 0:00:03]} 1-0